Top 5 cities by Population - South America #2 - Statistics

General Stats
  • This quiz has been taken 15 times
  • The average score is 11 of 15
Answer Stats
Hint Answer % Correct
Colombia Bogota
100%
Peru Lima
100%
Ecuador Quito
100%
Peru Arequipa
90%
Colombia Cali
90%
Colombia Cartagena
90%
Ecuador Guayaquil
90%
Colombia Medellin
90%
Colombia Barranquilla
80%
Peru Trujillo
70%
Peru Callao
40%
Peru Chiclayo
40%
Ecuador Cuenca
30%
Ecuador Machala
30%
Ecuador Santo Domingo de los Colorados
20%
No matching quizzes found
Score Distribution
Percent of People with Each Score
Percentile by Number Answered
Your Score History
You have not taken this quiz